| 000 | 00557nam a2200169 a 4500 | ||
|---|---|---|---|
| 001 | 2506 | ||
| 003 | CDMR | ||
| 005 | 20130319114440.0 | ||
| 008 | 130130s1995||||||||||||||||||||||||||||d | ||
| 020 | _a8479352442 | ||
| 040 |
_aCDMR _bcat _cCPC LLEIDA |
||
| 100 | 1 |
_aAlonso, Helena _91880 |
|
| 245 | 1 | 0 |
_aLectures al quadrat _cHelena Alonso Capdevila ... [et al.] ; edició a cura de Núria Perpinyà _b: les arts crítiques de J. Molas, J.M. Castellet, J. Triadú i J. Fuster |
| 260 |
_aLleida _c1995 _bPagès |
||
| 490 | 0 |
_aEl Fil d'Ariadna _v18 |
|
| 942 |
_cMON _2udc |
||
| 999 |
_c2506 _d2506 |
||